[Event "European Youth Chess Championship B18"]
[Site "Prague, Top Hotel Prague"]
[Date "2012.08.18"]
[Round "2.9"]
[White "Kadric, Denis"]
[Black "Blazeka, Matej"]
[Result "0-1"]
[PlyCount "0"]
[BlackElo "2245"]
[WhiteElo "2418"]

1. e4 {[%clk 1:30:57]} e5 {[%clk 1:30:50]} 2. Nf3 {[%clk 1:31:22]} Nc6
{[%clk 1:31:16]} 3. Nc3 {[%clk 1:31:38]} Nf6 {[%clk 1:31:40]} 4. Bb5
{[%clk 1:32:02]} Bb4 {[%clk 1:31:30]} 5. O-O {[%clk 1:32:24]} O-O
{[%clk 1:30:55]} 6. d3 {[%clk 1:32:49]} d6 {[%clk 1:30:48]} 7. Bg5
{[%clk 1:33:13]} Bxc3 {[%clk 1:31:01]} 8. bxc3 {[%clk 1:33:36]} Qe7
{[%clk 1:30:10]} 9. Re1 {[%clk 1:33:58]} Nd8 {[%clk 1:30:01]} 10. d4
{[%clk 1:34:20]} Ne6 {[%clk 1:30:01]} 11. Bd2 {[%clk 1:34:43]} c6
{[%clk 1:24:39]} 12. Bd3 {[%clk 1:34:30]} Qc7 {[%clk 1:24:05]} 13. Nh4
{[%clk 1:29:18]} exd4 {[%clk 1:12:23]} 14. Nf5 {[%clk 1:29:40]} Nc5
{[%clk 1:09:21]} 15. Nxd4 {[%clk 1:25:13]} d5 {[%clk 1:06:57]} 16. exd5
{[%clk 1:04:20]} Nxd3 {[%clk 0:52:19]} 17. cxd3 {[%clk 1:04:12]} c5
{[%clk 0:44:52]} 18. Nc2 {[%clk 0:44:05]} Nxd5 {[%clk 0:40:19]} 19. Qf3
{[%clk 0:43:32]} Be6 {[%clk 0:38:36]} 20. Re4 {[%clk 0:35:48]} Rad8
{[%clk 0:34:20]} 21. c4 {[%clk 0:23:07]} Ne7 {[%clk 0:31:43]} 22. Bc3
{[%clk 0:22:59]} Nf5 {[%clk 0:27:39]} 23. Rf4 {[%clk 0:19:36]} Rxd3
{[%clk 0:26:32]} 24. Qxd3 {[%clk 0:19:30]} Qxf4 {[%clk 0:26:56]} 25. Na3
{[%clk 0:19:51]} Nd4 {[%clk 0:25:00]} 26. Bxd4 {[%clk 0:10:13]} Qxd4
{[%clk 0:24:35]} 27. Qxd4 {[%clk 0:09:54]} cxd4 {[%clk 0:25:00]} 28. Kf1
{[%clk 0:10:09]} Rc8 {[%clk 0:23:56]} 29. Rc1 {[%clk 0:05:54]} Rc5
{[%clk 0:19:14]} 30. Ke1 {[%clk 0:04:17]} Kf8 {[%clk 0:18:12]} 31. Rb1
{[%clk 0:03:14]} b6 {[%clk 0:13:57]} 32. Nb5 {[%clk 0:03:19]} Bxc4
{[%clk 0:07:27]} 33. Nxa7 {[%clk 0:03:45]} b5 {[%clk 0:06:28]} 34. Kd2
{[%clk 0:02:10]} Ke7 {[%clk 0:06:16]} 35. Rb4 {[%clk 0:01:18]} Rf5
{[%clk 0:03:18]} 36. f3 {[%clk 0:00:55]} Kd6 {[%clk 0:03:21]} 37. a4
{[%clk 0:00:32]} Kc5 {[%clk 0:03:22]} 38. Rb1 {[%clk 0:00:32]} bxa4
{[%clk 0:03:17]} 39. Nc8 {[%clk 0:00:56]} Re5 {[%clk 0:03:00]} 40. Nb6
{[%clk 0:31:19]} Bb5 {[%clk 0:31:39]} 0-1

[Event "European Youth Chess Championship B18"]
[Site "Prague, Top Hotel Prague"]
[Date "2012.08.18"]
[Round "2.10"]
[White "Pagerka, Martin"]
[Black "Tilicheev, Viacheslav"]
[Result "1/2-1/2"]
[PlyCount "0"]
[BlackElo "2416"]
[WhiteElo "2258"]

1. d4 {[%clk 1:30:58]} Nf6 {[%clk 1:30:53]} 2. Nf3 {[%clk 1:31:16]} e6
{[%clk 1:31:08]} 3. c4 {[%clk 1:30:55]} d5 {[%clk 1:31:28]} 4. e3
{[%clk 1:30:57]} c6 {[%clk 1:31:47]} 5. b3 {[%clk 1:31:09]} Ne4 {[%clk 1:32:01]}
6. Nbd2 {[%clk 1:31:12]} Bb4 {[%clk 1:28:27]} 7. Bd3 {[%clk 1:31:30]} f5
{[%clk 1:22:35]} 8. O-O {[%clk 1:31:30]} O-O {[%clk 1:22:46]} 9. a4
{[%clk 1:30:49]} Bc3 {[%clk 1:22:06]} 10. Ra2 {[%clk 1:30:09]} Ba5
{[%clk 1:22:21]} 11. Nb1 {[%clk 1:26:37]} Bc7 {[%clk 1:20:12]} 12. Ne5
{[%clk 1:25:22]} Nd7 {[%clk 1:19:24]} 13. Nxd7 {[%clk 1:12:56]} Bxd7
{[%clk 1:19:32]} 14. g3 {[%clk 0:59:52]} e5 {[%clk 1:03:40]} 15. f3
{[%clk 0:58:32]} exd4 {[%clk 1:03:00]} 16. cxd5 {[%clk 0:57:11]} Nc5
{[%clk 0:52:37]} 17. exd4 {[%clk 0:50:24]} Nxd3 {[%clk 0:52:37]} 18. Qxd3
{[%clk 0:50:50]} f4 {[%clk 0:51:48]} 19. g4 {[%clk 0:48:18]} cxd5
{[%clk 0:50:22]} 20. Nc3 {[%clk 0:47:44]} Be8 {[%clk 0:50:39]} 21. Re1
{[%clk 0:44:25]} a6 {[%clk 0:51:01]} 22. Ba3 {[%clk 0:44:19]} Bg6
{[%clk 0:50:18]} 23. Qd1 {[%clk 0:43:18]} Rf7 {[%clk 0:49:01]} 24. Re6
{[%clk 0:40:02]} Ba5 {[%clk 0:45:24]} 25. b4 {[%clk 0:38:57]} Bb6
{[%clk 0:45:17]} 26. Rae2 {[%clk 0:33:21]} Rc8 {[%clk 0:44:22]} 27. b5
{[%clk 0:32:26]} Rd7 {[%clk 0:42:28]} 28. a5 {[%clk 0:18:44]} Rxc3
{[%clk 0:41:32]} 29. Bb2 {[%clk 0:11:35]} Bxa5 {[%clk 0:39:41]} 30. Bxc3
{[%clk 0:11:21]} Bxc3 {[%clk 0:40:05]} 31. bxa6 {[%clk 0:11:23]} Bf7
{[%clk 0:34:02]} 32. a7 {[%clk 0:04:28]} Bxe6 {[%clk 0:34:24]} 33. Rxe6
{[%clk 0:04:11]} Qa8 {[%clk 0:31:33]} 34. Qd3 {[%clk 0:02:47]} Qxa7
{[%clk 0:14:32]} 35. Qxc3 {[%clk 0:03:02]} Rd8 {[%clk 0:14:31]} 36. Re7
{[%clk 0:02:18]} Qb6 {[%clk 0:13:37]} 37. Kg2 {[%clk 0:02:08]} Ra8
{[%clk 0:13:01]} 38. Qd2 {[%clk 0:00:50]} Rf8 {[%clk 0:07:37]} 39. Qe2
{[%clk 0:00:42]} Qf6 {[%clk 0:01:07]} 40. Rxb7 {[%clk 0:30:50]} Qxd4
{[%clk 0:30:37]} 41. Qe6+ {[%clk 0:29:53]} Kh8 {[%clk 0:29:51]} 42. Qf7
{[%clk 0:15:25]} Rg8 {[%clk 0:29:07]} 43. Re7 {[%clk 0:13:17]} Qd2+
{[%clk 0:27:39]} 44. Kh3 {[%clk 0:13:34]} h6 {[%clk 0:23:45]} 45. g5
{[%clk 0:12:37]} Qf2 {[%clk 0:20:50]} 46. Qxf4 {[%clk 0:06:24]} hxg5
{[%clk 0:19:01]} 47. Qf7 {[%clk 0:03:05]} Qh4+ {[%clk 0:18:39]} 48. Kg2
{[%clk 0:03:31]} g4 {[%clk 0:13:03]} 49. Re5 {[%clk 0:03:00]} g6 {[%clk 0:13:00]}
50. f4 {[%clk 0:01:24]} Qh3+ {[%clk 0:11:36]} 51. Kg1 {[%clk 0:01:48]} g3
{[%clk 0:11:16]} 52. Qf6+ {[%clk 0:02:04]} Rg7 {[%clk 0:11:41]} 53. Re2
{[%clk 0:01:43]} Kh7 {[%clk 0:09:38]} 54. hxg3 {[%clk 0:00:53]} Qxg3+
{[%clk 0:10:01]} 55. Rg2 {[%clk 0:00:42]} Qe1+ {[%clk 0:09:57]} 56. Kh2
{[%clk 0:00:57]} d4 {[%clk 0:04:00]} 57. Rg3 {[%clk 0:00:45]} Qe2+
{[%clk 0:04:11]} 58. Kg1 {[%clk 0:00:48]} Qe1+ {[%clk 0:03:53]} 59. Kh2
{[%clk 0:01:09]} Qe7 {[%clk 0:03:08]} 60. Qxd4 {[%clk 0:01:10]} Qe2+
{[%clk 0:03:12]} 61. Kg1 {[%clk 0:01:04]} Qe1+ {[%clk 0:02:52]} 62. Kg2
{[%clk 0:01:21]} Qe2+ {[%clk 0:03:10]} 1/2-1/2

[Event "European Youth Chess Championship B18"]
[Site "Prague, Top Hotel Prague"]
[Date "2012.08.18"]
[Round "2.11"]
[White "Sochacki, Christophe"]
[Black "Schreiner, Till"]
[Result "1-0"]
[WhiteElo "2412"]
[BlackElo "2234"]
[PlyCount "65"]
[EventDate "2012.08.17"]

1. e4 c6 2. d4 d5 3. e5 c5 4. dxc5 e6 5. Nf3 Bxc5 6. Bd3 Nc6 7. O-O Nge7 8. Bf4
Ng6 9. Bg3 O-O 10. Nbd2 f5 11. exf6 Qxf6 12. c4 Rd8 13. Qb3 Kh8 14. Rfe1 b6 15.
cxd5 exd5 16. Bc7 Rd7 17. Re8+ Nf8 18. Bg3 Bb7 19. Re2 Ng6 20. Nf1 Rf8 21. Rae1
Re7 22. Ne3 Nd4 23. Nxd4 Bxd4 24. Nf5 Rxe2 25. Rxe2 Be5 26. Qa3 Rc8 27. h3 Nf4
28. Rxe5 Qxe5 29. Nd6 Qe1+ 30. Kh2 Nxh3 31. Kxh3 Rc1 32. Bf5 g6 33. Be5+ 1-0

[Event "European Youth Chess Championship B18"]
[Site "Prague, Top Hotel Prague"]
[Date "2012.08.18"]
[Round "2.13"]
[White "Danilenko, Dmitriy"]
[Black "Abbasov, Amil"]
[Result "1-0"]
[WhiteElo "2395"]
[BlackElo "2209"]
[PlyCount "103"]
[EventDate "2012.08.17"]

1. e4 c5 2. Nf3 Nc6 3. d4 cxd4 4. Nxd4 g6 5. c4 Bg7 6. Be3 Nf6 7. Nc3 O-O 8.
Be2 b6 9. O-O Bb7 10. f3 e6 11. Rc1 d5 12. Nxc6 Bxc6 13. e5 Ne8 14. cxd5 exd5
15. f4 Nc7 16. Ne4 Bb5 17. Nd6 Bxe2 18. Qxe2 f6 19. Qc2 Ne6 20. Qc6 d4 21. Qd5
dxe3 22. Qxe6+ Kh8 23. Rfd1 e2 24. Re1 fxe5 25. Nf7+ Rxf7 26. Qxf7 Qd4+ 27. Kh1
Qxb2 28. Qc4 exf4 29. Rxe2 Qf6 30. Re6 Qg5 31. Qe4 Rf8 32. Rc8 Kg8 33. Qc4 Kh8
34. Ree8 Qf6 35. Qf1 h5 36. h3 Kh7 37. Rxf8 Bxf8 38. Rc7+ Kh6 39. Rxa7 Bc5 40.
Rd7 Be3 41. Qd1 Qc3 42. Rd6 Bc5 43. Rc6 Qb4 44. Rf6 Be3 45. Qa1 Qe4 46. Rd6 Bc5
47. Qh8+ Kg5 48. Qf6+ Kh6 49. Rd1 Be3 50. h4 Qe8 51. Rd8 Bd4 52. Qxf4+ 1-0

[Event "European Youth Chess Championship B18"]
[Site "Prague, Top Hotel Prague"]
[Date "2012.08.18"]
[Round "2.14"]
[White "Lewicki, Miroslaw"]
[Black "Handler, Lukas"]
[Result "1/2-1/2"]
[WhiteElo "2200"]
[BlackElo "2368"]
[PlyCount "81"]
[EventDate "2012.08.17"]

1. e4 e5 2. Nc3 Nf6 3. Bc4 Bc5 4. d3 O-O 5. f4 exf4 6. Bxf4 d6 7. Nf3 Re8 8.
Ng5 Be6 9. Nxe6 fxe6 10. d4 Bb4 11. O-O Bxc3 12. bxc3 Nxe4 13. Qf3 d5 14. Bd3
c5 15. Be5 Qe7 16. dxc5 Qxc5+ 17. Kh1 Qe7 18. Bxe4 dxe4 19. Qf4 Rf8 20. Qxe4
Nc6 21. h3 Rf5 22. Bd4 Qd7 23. Rxf5 exf5 24. Qf4 Re8 25. Qf2 a6 26. Rf1 Rf8 27.
Qf3 h6 28. Qd3 Qd5 29. a3 f4 30. Rf3 Rf7 31. Kh2 Ne5 32. Bxe5 Qxe5 33. c4 g5
34. Qg6+ Qg7 35. Qe6 Qf6 36. Qc8+ Kg7 37. Qc5 Qe7 38. Qd4+ Qf6 39. Qd5 Re7 40.
Rb3 Qf7 41. Qd4+ 1/2-1/2

[Event "European Youth Chess Championship B18"]
[Site "Prague, Top Hotel Prague"]
[Date "2012.08.18"]
[Round "2.15"]
[White "Andreev, Sasho"]
[Black "Straka, Jozef"]
[Result "1-0"]
[WhiteElo "2197"]
[BlackElo "2360"]
[PlyCount "56"]
[EventDate "2012.08.17"]

1. d4 Nf6 2. c4 e6 3. Nf3 c5 4. e3 d5 5. Nc3 Nc6 6. a3 cxd4 7. exd4 Be7 8. c5
Ne4 9. Bd3 f5 10. Ne2 O-O 11. b4 a6 12. Bb2 Bd7 13. O-O Bf6 14. Ne5 Bxe5 15.
dxe5 Be8 16. f3 Ng5 17. Nf4 Qe7 18. Qc2 Rd8 19. Rfe1 g6 20. Bf1 Nf7 21. Nd3 g5
22. a4 f4 23. Qd2 Nh6 24. b5 Na7 25. c6 axb5 26. Ba3 Qc7 27. Bxf8 Kxf8 28. Qb4+
Kg8 1-0

[Event "European Youth Chess Championship B18"]
[Site "Prague, Top Hotel Prague"]
[Date "2012.08.18"]
[Round "2.16"]
[White "Shahinyan, David"]
[Black "Rubes, Jan"]
[Result "1/2-1/2"]
[WhiteElo "2351"]
[BlackElo "2097"]
[PlyCount "120"]
[EventDate "2012.08.17"]

1. e4 c5 2. Nc3 Nc6 3. g3 g6 4. Bg2 Bg7 5. d3 d6 6. Be3 Nf6 7. h3 O-O 8. Nge2
Nd7 9. O-O Nd4 10. f4 Rb8 11. Qd2 b5 12. g4 b4 13. Nd1 Ba6 14. Ng3 Qc7 15. c3
bxc3 16. bxc3 Nc6 17. g5 Rb7 18. h4 Rfb8 19. h5 Rb1 20. Rxb1 Rxb1 21. e5 dxe5
22. hxg6 hxg6 23. f5 e4 24. Nxe4 Nce5 25. fxg6 Nxg6 26. c4 Nde5 27. Ndc3 Rxf1+
28. Kxf1 Ng4 29. Nd5 Nxe3+ 30. Qxe3 Qe5 31. Nxc5 Qa1+ 32. Qe1 Qxa2 33. Nxe7+
Nxe7 34. Qxe7 Bxc4 35. Qd8+ Bf8 36. dxc4 Qb1+ 37. Kf2 Qf5+ 38. Ke2 Qxc5 39. Bd5
Qe7+ 40. Qxe7 Bxe7 41. g6 Kg7 42. gxf7 Kf6 43. Kd3 Ke5 44. Kc3 Bf8 45. Kb3 Kd4
46. Ka4 Be7 47. Kb5 Bf8 48. Kc6 Bc5 49. Kb5 Bf8 50. Bb7 Be7 51. Ba6 Bf8 52. Kc6
Ke5 53. Kd7 Kf6 54. Ke8 Kg7 55. Bb5 a5 56. Ba4 Bb4 57. Bb3 Bc5 58. Bd1 Bb4 59.
Bc2 Bc5 60. Bb3 Bb4 1/2-1/2

[Event "European Youth Chess Championship B18"]
[Site "Prague, Top Hotel Prague"]
[Date "2012.08.18"]
[Round "2.17"]
[White "Aperia, Jakob"]
[Black "Meskovs, Nikita"]
[Result "1/2-1/2"]
[WhiteElo "2098"]
[BlackElo "2347"]
[PlyCount "105"]
[EventDate "2012.08.17"]

1. c4 Nf6 2. Nf3 g6 3. g3 Bg7 4. Bg2 d6 5. O-O e5 6. d4 exd4 7. Nxd4 Nbd7 8.
Nc3 O-O 9. b3 Nc5 10. Bb2 Re8 11. Qc2 a5 12. Rad1 Bd7 13. Rfe1 c6 14. e4 Qb6
15. h3 a4 16. bxa4 Qa6 17. Bf1 Qa7 18. Nb3 Nxa4 19. Nxa4 Qxa4 20. Rxd6 Be6 21.
a3 b5 22. Nd4 Qxc2 23. Nxc2 Nxe4 24. Rxe4 Bxb2 25. Rxc6 Reb8 26. Rcxe6 fxe6 27.
cxb5 Bxa3 28. Nxa3 Rxa3 29. Rxe6 Ra1 30. Kg2 Rc1 31. Re7 Rb6 32. Bd3 Rc3 33.
Rd7 Kf8 34. Be4 Rxb5 35. Rxh7 Rb6 36. Ra7 Rc4 37. Bf3 Rc2 38. Ra1 Rbb2 39. Rf1
g5 40. Be4 Re2 41. Bf5 Kg7 42. Kf3 Red2 43. Kg4 Rxf2 44. Rxf2 Rxf2 45. Kxg5 Rg2
46. g4 Rh2 47. h4 Rg2 48. h5 Rxg4+ 49. Bxg4 Kh7 50. h6 Kh8 51. Kg6 Kg8 52. Be6+
Kh8 53. Ba2 1/2-1/2

[Event "European Youth Chess Championship B18"]
[Site "Prague, Top Hotel Prague"]
[Date "2012.08.18"]
[Round "2.18"]
[White "Tomazini, Zan"]
[Black "Tahaoglu, Ugur Barkin"]
[Result "1-0"]
[WhiteElo "2345"]
[BlackElo "1912"]
[PlyCount "55"]
[EventDate "2012.08.17"]

1. e4 c5 2. c3 Nf6 3. e5 Nd5 4. d4 cxd4 5. cxd4 d6 6. Nf3 Nc6 7. Bc4 Nb6 8. Bb3
dxe5 9. d5 Na5 10. Nc3 Nxb3 11. Qxb3 e6 12. Nxe5 exd5 13. Be3 Bd6 14. Qb5+ Bd7
15. Nxd7 Qxd7 16. Bxb6 axb6 17. O-O-O Qxb5 18. Nxb5 Kd7 19. Rxd5 Kc6 20. Rhd1
Bc5 21. Nc3 Rhe8 22. Kb1 Re7 23. f3 g6 24. a3 Re6 25. Rd7 Re7 26. R7d2 Re6 27.
Rc2 b5 28. b4 1-0

[Event "European Youth Chess Championship B18"]
[Site "Prague, Top Hotel Prague"]
[Date "2012.08.18"]
[Round "2.19"]
[White "Sadzikowski, Daniel"]
[Black "Pastar, Slaven"]
[Result "1-0"]
[WhiteElo "2444"]
[BlackElo "2093"]
[PlyCount "61"]
[EventDate "2012.08.17"]

1. d4 d5 2. c4 c6 3. Nc3 dxc4 4. e3 Be6 5. Nge2 Nf6 6. Nf4 Qd7 7. e4 g5 8. Nxe6
Qxe6 9. e5 h6 10. Be2 Nfd7 11. O-O Nb6 12. f4 gxf4 13. Rxf4 N8d7 14. Bg4 Qg6
15. Bh5 Qd3 16. Bxf7+ Kd8 17. Qg4 h5 18. Qh4 Kc7 19. Rf3 Qc2 20. Rf2 Qh7 21.
Bf4 Kd8 22. Bg5 a5 23. Rd1 Nc8 24. d5 Kc7 25. Be6 Ncb6 26. Bxd7 Kxd7 27. e6+
Ke8 28. Qd4 c5 29. Qxc5 Nc8 30. Qb5+ Kd8 31. Qd7# 1-0

[Event "European Youth Chess Championship B18"]
[Site "Prague, Top Hotel Prague"]
[Date "2012.08.18"]
[Round "2.20"]
[White "Bizovi, Mihai"]
[Black "Horvath, David"]
[Result "0-1"]
[WhiteElo "2044"]
[BlackElo "2376"]
[PlyCount "76"]
[EventDate "2012.08.17"]

1. d4 d5 2. c4 e6 3. Nc3 c6 4. Nf3 Nf6 5. Bg5 dxc4 6. e4 b5 7. e5 h6 8. Bh4 g5
9. Nxg5 hxg5 10. Bxg5 Nbd7 11. g3 Rg8 12. h4 Rxg5 13. hxg5 Nd5 14. g6 fxg6 15.
Qg4 Qe7 16. Bg2 N7b6 17. Be4 Bd7 18. Qxg6+ Kd8 19. a3 Kc7 20. Rh7 Qe8 21. Qg4
Nxc3 22. bxc3 Nd5 23. Bg6 Qd8 24. Qxe6 Be7 25. Qf7 Be8 26. Qxe8 Qxe8 27. Bxe8
Rxe8 28. Kd2 Kb6 29. a4 Rf8 30. a5+ Ka6 31. f4 Rg8 32. Rg1 b4 33. Kc2 bxc3 34.
f5 Rb8 35. Rxe7 Rb2+ 36. Kc1 Nb4 37. Kd1 Nd3 38. Rf1 Rd2# 0-1

[Event "European Youth Chess Championship B18"]
[Site "Prague, Top Hotel Prague"]
[Date "2012.08.18"]
[Round "2.21"]
[White "Kriebel, Tadeas"]
[Black "Jovanovic, Bojan P"]
[Result "1/2-1/2"]
[WhiteElo "2376"]
[BlackElo "2179"]
[PlyCount "84"]
[EventDate "2012.08.17"]

1. e4 e6 2. Nc3 d5 3. d4 Nf6 4. e5 Nfd7 5. f4 c5 6. Nce2 cxd4 7. Nxd4 Nc6 8.
Ngf3 Bc5 9. c3 O-O 10. Bd3 Be7 11. h4 Re8 12. Ng5 g6 13. Nxh7 Nxd4 14. cxd4
Kxh7 15. h5 Kg7 16. hxg6 Rh8 17. Rh7+ Rxh7 18. gxh7 Bb4+ 19. Kf1 Qh4 20. Be3
Nf8 21. Qa4 Bd2 22. Bxd2 Qh1+ 23. Kf2 Qxa1 24. f5 exf5 25. h8=Q+ Kxh8 26. Qe8
Kg7 27. Bh6+ Kxh6 28. Qxf8+ Kg6 29. Qg8+ Kh6 30. Qf8+ Kg6 31. Qg8+ Kh6 32. Qh8+
Kg6 33. Qf6+ Kh7 34. Qxf7+ Kh6 35. Qf6+ Kh7 36. e6 Qxb2+ 37. Kf3 Bxe6 38. Qxe6
Qxd4 39. Bxf5+ Kg7 40. Qg6+ Kf8 41. Qd6+ Kg7 42. Qg6+ Kf8 1/2-1/2

[Event "European Youth Chess Championship B18"]
[Site "Prague, Top Hotel Prague"]
[Date "2012.08.18"]
[Round "2.22"]
[White "Savitskiy, Sergey"]
[Black "Scott, Gordon W"]
[Result "1-0"]
[WhiteElo "2368"]
[BlackElo "2026"]
[PlyCount "81"]
[EventDate "2012.08.17"]

1. e4 c5 2. Nf3 e6 3. d4 cxd4 4. Nxd4 Nc6 5. Nc3 Qc7 6. Nb3 a6 7. f4 b5 8. Bd3
Bb7 9. Qe2 Nf6 10. e5 b4 11. Ne4 Nd5 12. O-O Be7 13. Kh1 g5 14. Nd6+ Bxd6 15.
exd6 Qxd6 16. fxg5 Qc7 17. Be4 Ne5 18. a3 bxa3 19. Rxa3 Nc4 20. Ra4 Nd6 21. Bf3
Rc8 22. c3 Bc6 23. Rd4 Bb5 24. Qe5 Nf5 25. Qxh8+ Ke7 26. Qxh7 Nxd4 27. Nxd4
Bxf1 28. Qg7 Bd3 29. g6 Bxg6 30. Bxd5 Qa5 31. Bf3 Qa1 32. Qh6 e5 33. Qe3 Kf8
34. Nb3 Qb1 35. Qxe5 Re8 36. Qh8+ Ke7 37. Qh4+ Kf8 38. h3 Bc2 39. Kh2 Bxb3 40.
Qh8+ Ke7 41. Bg5+ 1-0

[Event "European Youth Chess Championship B18"]
[Site "Prague, Top Hotel Prague"]
[Date "2012.08.18"]
[Round "2.23"]
[White "Foster, James M"]
[Black "Godart, Francois"]
[Result "0-1"]
[WhiteElo "2037"]
[BlackElo "2337"]
[PlyCount "120"]
[EventDate "2012.08.17"]

1. e4 e6 2. d4 d5 3. e5 c5 4. c3 Nc6 5. Nf3 Qb6 6. a3 f6 7. Bd3 fxe5 8. dxe5 c4
9. Bc2 Nh6 10. O-O Nf7 11. Qe2 g6 12. Ba4 Bg7 13. Be3 Qa5 14. Bxc6+ bxc6 15.
Nbd2 O-O 16. Bf4 Rb8 17. Rab1 Bd7 18. Ng5 c5 19. Ndf3 h6 20. Nxf7 Rxf7 21. Bg3
Be8 22. h4 Qb5 23. Qe3 Rf5 24. Bf4 Kh7 25. g4 Rf7 26. h5 g5 27. Bg3 Qc6 28. Nh2
Rb3 29. Qe2 Bd7 30. f4 gxf4 31. Rxf4 Rxf4 32. Bxf4 d4 33. g5 hxg5 34. Bxg5 Qd5
35. Ng4 Bc6 36. Kh2 Qf3 37. Nf6+ Bxf6 38. Qxf3 Bxf3 39. exf6 Bxh5 40. cxd4 cxd4
41. Kg2 Kg6 42. f7 Kxf7 43. Rf1+ Kg6 44. Bc1 e5 45. Rf2 e4 46. Rc2 c3 47. bxc3
dxc3 48. Kg3 Kf5 49. Kh4 Bd1 50. Rf2+ Ke6 51. Rf8 c2 52. Rc8 Kd5 53. Rd8+ Kc4
54. Re8 Rb1 55. Bg5 Kd3 56. Rd8+ Ke2 57. Re8 Kf3 58. Rf8+ Kg2 59. Rc8 Kf2 60.
Rf8+ Bf3 0-1

[Event "European Youth Chess Championship B18"]
[Site "Prague, Top Hotel Prague"]
[Date "2012.08.18"]
[Round "2.24"]
[White "Swijsen, Lars"]
[Black "Emiroglu, Cankut"]
[Result "1/2-1/2"]
[WhiteElo "2097"]
[BlackElo "2299"]
[PlyCount "252"]
[EventDate "2012.08.17"]

1. c4 Nf6 2. g3 e6 3. Bg2 d5 4. Nf3 c5 5. cxd5 Nxd5 6. O-O Nc6 7. Nc3 Nc7 8. b3
Be7 9. Bb2 O-O 10. Qc2 b6 11. Rfd1 Bb7 12. a3 Bf6 13. Rac1 Qe7 14. Ne4 Bxb2 15.
Qxb2 Nb5 16. Nc3 Nxc3 17. Qxc3 Rfd8 18. d3 Rac8 19. Rd2 g6 20. Qb2 Rd7 21. Rdc2
Rcd8 22. b4 cxb4 23. Rxc6 bxa3 24. Qc2 Bxc6 25. Qxc6 Rd5 26. Qc3 Qc5 27. Qa1
Qb4 28. Rb1 Qa4 29. Nd2 Rc5 30. Ne4 a2 31. Nf6+ Kh8 32. Ne4+ Qd4 33. Qxa2 Rc7
34. e3 Qg7 35. d4 Rdc8 36. Nd6 Rc1+ 37. Rxc1 Rxc1+ 38. Bf1 Qf8 39. d5 Rxf1+ 40.
Kxf1 Qxd6 41. e4 exd5 42. exd5 Kg7 43. Qxa7 Qxd5 44. Qxb6 Qh1+ 45. Ke2 Qxh2 46.
Qd4+ f6 47. Qd7+ Kh6 48. Qd2+ g5 49. Qd7 Qh5+ 50. g4 Qg6 51. f3 Qc2+ 52. Ke3
Qc5+ 53. Ke2 Qe5+ 54. Kf2 Qc5+ 55. Kg2 Qc4 56. Kg3 Kg6 57. Qe8+ Qf7 58. Qc6 Qe7
59. Qc2+ Kg7 60. Qc6 Kf7 61. Qd5+ Qe6 62. Qd3 Kg7 63. Qc2 Qd7 64. Kg2 Qf7 65.
Kg3 h5 66. gxh5 Qxh5 67. Qc7+ Kh6 68. Qe7 Qh4+ 69. Kg2 Qf4 70. Qf8+ Kg6 71.
Qg8+ Kf5 72. Qc8+ Ke5 73. Qc5+ Ke6 74. Qc8+ Kd5 75. Qa8+ Kd4 76. Qa4+ Kc3 77.
Qa3+ Kd2 78. Qb2+ Ke1 79. Qb1+ Ke2 80. Qc2+ Ke1 81. Qb1+ Kd2 82. Qb2+ Kd3 83.
Qb3+ Kd4 84. Qa4+ Kc5 85. Qa5+ Kc6 86. Qa6+ Kd7 87. Qa7+ Ke8 88. Qa8+ Ke7 89.
Qb7+ Kf8 90. Qc8+ Kg7 91. Qd7+ Kh6 92. Qh3+ Kg6 93. Qd7 Qe5 94. Qc6 Kh6 95. Kh3
Kh5 96. Qd7 Kg6 97. Qc6 Kf5 98. Qc2+ Kf4 99. Kg2 Qe6 100. Qa4+ Ke5 101. Qa1+
Kd6 102. Qa6+ Ke7 103. Qb7+ Kf8 104. Qb8+ Kg7 105. Qc7+ Kg6 106. Qc2+ f5 107.
Kf1 Qd5 108. Kf2 Kh5 109. Qb2 Qd8 110. Qc2 Qd4+ 111. Kg2 Qd5 112. Qc3 Qd8 113.
Qc2 Qa5 114. Qb2 Qd8 115. Qc2 Qd7 116. Qb2 Qe6 117. Qh8+ Kg6 118. Qb2 Qc6 119.
Kf2 Qf6 120. Qb4 Qe5 121. Qb7 Qd4+ 122. Ke2 Qc4+ 123. Kf2 Qc2+ 124. Kg3 f4+
125. Kh3 Qc4 126. Qb1+ Kh6 1/2-1/2

[Event "European Youth Chess Championship B18"]
[Site "Prague, Top Hotel Prague"]
[Date "2012.08.18"]
[Round "2.25"]
[White "Ostovic, Matija"]
[Black "Ronka, Erik"]
[Result "1-0"]
[WhiteElo "2290"]
[BlackElo "2086"]
[PlyCount "79"]
[EventDate "2012.08.17"]

1. d4 d5 2. Nf3 Nc6 3. c4 e5 4. cxd5 Qxd5 5. Nc3 Bb4 6. Bd2 Bxc3 7. Bxc3 e4 8.
Ne5 Nxe5 9. dxe5 Ne7 10. e3 Qxd1+ 11. Rxd1 Be6 12. Rd4 Bxa2 13. Rxe4 Bd5 14.
Rg4 Ng6 15. Bd3 O-O-O 16. Ke2 Rhe8 17. f4 Rd7 18. h4 Red8 19. h5 Nf8 20. Rxg7
Bxg2 21. Rxg2 Rxd3 22. Rg7 R3d7 23. Bb4 c5 24. Rc1 b6 25. f5 Kb7 26. Bc3 a5 27.
h6 a4 28. Rg8 b5 29. Be1 Rc8 30. Rd1 Rxd1 31. Kxd1 b4 32. Kc2 Kc6 33. Bh4 Kd7
34. Rg7 Ke8 35. e6 Rc7 36. e7 Rxe7 37. Bxe7 Kxe7 38. e4 Kf6 39. e5+ Kxe5 40.
Rxf7 1-0

[Event "European Youth Chess Championship B18"]
[Site "Prague, Top Hotel Prague"]
[Date "2012.08.18"]
[Round "2.26"]
[White "Mcclement, Andrew"]
[Black "Anton Guijarro, David"]
[Result "0-1"]
[WhiteElo "2088"]
[BlackElo "2526"]
[PlyCount "80"]
[EventDate "2012.08.17"]

1. e4 c5 2. Nf3 e6 3. d4 cxd4 4. Nxd4 a6 5. Nc3 Qc7 6. Bd3 Nf6 7. O-O Bd6 8.
Kh1 Nc6 9. Nxc6 dxc6 10. f4 e5 11. f5 b5 12. Qf3 Bb7 13. Bg5 Qe7 14. a4 Bc5 15.
Ne2 h6 16. Bh4 Qc7 17. Qg3 Kf8 18. Bxf6 gxf6 19. Qh4 Ke7 20. Ng3 Rag8 21. Nh5
Rg5 22. g4 Qd6 23. Rfd1 Qd4 24. h3 Qxb2 25. Qe1 Bb4 26. Qe2 Qc3 27. Kh2 Qc5 28.
axb5 axb5 29. c4 Bc3 30. Ra2 b4 31. Bc2 Rgg8 32. Kg3 Rd8 33. Bb3 Rxd1 34. Qxd1
Rd8 35. Qc1 Bd2 36. Qb1 Qe3+ 37. Kg2 Rd3 38. Ra7 Qf3+ 39. Kh2 Qf2+ 40. Kh1
Rxh3# 0-1

[Event "European Youth Chess Championship B18"]
[Site "Prague, Top Hotel Prague"]
[Date "2012.08.18"]
[Round "2.27"]
[White "Pospisil, Martin"]
[Black "Plat, Vojtech"]
[Result "0-1"]
[WhiteElo "2084"]
[BlackElo "2480"]
[PlyCount "86"]
[EventDate "2012.08.17"]

1. d4 Nf6 2. c4 d6 3. Nf3 Nbd7 4. Nc3 e5 5. e4 Be7 6. g3 c6 7. Bg2 O-O 8. O-O
a6 9. a4 a5 10. h3 Re8 11. d5 Nc5 12. Nd2 Nfd7 13. Nb3 Qb6 14. Ra3 Nxb3 15.
Qxb3 Qxb3 16. Rxb3 Nc5 17. Ra3 Nd3 18. Rb3 Nxc1 19. Rxc1 Kf8 20. Kh2 Bd8 21. h4
Ra6 22. Bh3 Bxh3 23. Kxh3 Rb6 24. Rxb6 Bxb6 25. f3 Bd4 26. Rc2 Ke7 27. Kg2 Ra8
28. Ne2 Bc5 29. b3 Kd7 30. Rd2 Kc7 31. Rd3 g6 32. Nc3 Rf8 33. Kf1 f5 34. Ke2
Bd4 35. Kd2 Kb6 36. Kc2 Kc5 37. exf5 gxf5 38. Ne2 cxd5 39. Nxd4 exd4 40. cxd5
Rg8 41. f4 Kxd5 42. Kd1 Ke4 43. Kd2 Rc8 0-1

[Event "European Youth Chess Championship B18"]
[Site "Prague, Top Hotel Prague"]
[Date "2012.08.18"]
[Round "2.28"]
[White "Olson, Hamish"]
[Black "Meribanov, Vitaly"]
[Result "0-1"]
[WhiteElo "2055"]
[BlackElo "2381"]
[PlyCount "62"]
[EventDate "2012.08.17"]

1. e4 c5 2. Nf3 Nc6 3. d4 cxd4 4. Nxd4 g6 5. c4 Nf6 6. Nc3 d6 7. Bg5 Bg7 8. Nc2
O-O 9. Qd2 Be6 10. Rc1 Qa5 11. f3 Rfc8 12. Na3 Ne5 13. Nd1 Qxd2+ 14. Kxd2 Rc6
15. Be2 Rac8 16. Ne3 a6 17. g4 Nexg4 18. Nxg4 Nxg4 19. fxg4 Bxb2 20. Nb1 Bxc1+
21. Rxc1 f6 22. Be3 Bxc4 23. Bxc4+ Rxc4 24. Rxc4 Rxc4 25. Nc3 Kf7 26. a3 Rc8
27. Kd3 e5 28. a4 Ke6 29. h4 f5 30. g5 fxe4+ 31. Nxe4 b5 0-1